| 000 | 00000nam##2200000za#4500 |
| 001 | 9.615057 |
| 003 | CaOODSP |
| 005 | 20200706133934 |
| 007 | ta |
| 008 | 150406|2000||||xxc||||| f|0| 0 eng|d |
| 020 | |a0-660-18061-8 |
| 022 | |a1200-5223 |
| 040 | |aCaOODSP|beng |
| 043 | |an-cn--- |
| 086 | 1 |aCS11-0019/146E |
| 245 | 00|aTo what extent are Canadians exposed to low-income? / |cby René Morissette and Marie Drolet. |
| 260 | |aOttawa - Ontario : |bStatistics Canada. |c2000. |
| 300 | |a34p. : |bgraphs, tables ; |c28 cm. |
| 490 | 1 |aResearch paper series|x1200-5223|vNo. 146 |
| 500 | |a"The goal of this paper is to present basic facts regarding the extent to which Canadians are exposed to low-income during a 4-year time interval. That is, we analyse the percentage of individuals who had low-income for 0,1,2,3 or 4 years during the 1993-1996 period."--Introduction. |
| 504 | |aBibliography. |
| 520 | 3 |aThe goal of this paper is to present basic facts regarding the extent to which Canadians are exposed to low-income during a 4-year time interval. That is, we analyse the percentage of individuals who had low-income for 0,1,2,3 or 4 years during the 1993-1996 period.--Introduction |
| 563 | |aSoftcover |
| 590 | |a00-23|b2000-06-09 |
| 710 | 2 |aStatistics Canada. |bAnalytical Studies Branch. |
| 720 | 1 |aMorissette, René |
| 720 | 1 |aDrolet, Marie |
| 775 | 08|tDans quel mesure les Canadiens sont-t-ils exposés aux faibles revenus? / |w(CaOODSP)9.625219 |
| 776 | 0#|tTo what extent are Canadians exposed to low-income? / |w(CaOODSP)9.574671 |
| 830 | #0|aResearch paper series,|x1200-5223|vNo. 146|w(CaOODSP)9.514463 |